| 000 | 01212nam0a22002531 4500 | ||
|---|---|---|---|
| 001 | rc\4171524 | ||
| 005 | 20260406204042.0 | ||
| 021 |
_aRU _b[54-16800] |
||
| 035 | _a(NLR Aleph) 008183584 | ||
| 090 |
_a7931253 _c7931253 |
||
| 100 | _a20130415d1954 |||y0rusy50 ca | ||
| 101 | 0 | _arus | |
| 102 | _aRU | ||
| 105 | _aa z ||||| | ||
| 200 | 1 |
_aТехнологические схемы механизации погрузочно-разгрузочных работ на строительных площадках _eУтв. 23/XII-1952 г. _fМ-во путей сообщения СССР. Всесоюз. науч.-исслед. ин-т ж.-д. строительства и проектирования |
|
| 210 |
_aМосква _cТрансжелдориздат _d1954 |
||
| 215 |
_a64 с. _cил. _d29х41 |
||
| 606 |
_aПогрузочно-разгрузочные работы на строительстве _xМеханизация _2psbo |
||
| 712 | 0 | 2 |
_aВНИИ железнодорожного строительства и проектирования _3RU\NLR\AUTH\889964392 _9425024 |
| 801 | 0 |
_aRU _bNLR _gpsbo |
|
| 801 | 1 |
_aRU _bELAR _2rusmarc |
|
| 852 |
_aNLR _jТ80 Г-9/306 |
||
| 942 | _cBOOK | ||
| 980 | _aNB | ||